[Event "GER Cup Net V3 U2000"]
[Site "Playchess.com INT"]
[Date "2020.05.27"]
[Round "5"]
[White "Schewe, Bernhard"]
[Black "Vieten, Mario"]
[Result "1-0"]
[WhiteElo "1749"]
[BlackElo "1550"]
[PlyCount "47"]
[EventDate "2020.05.27"]
[EventType "swiss (blitz)"]
[EventRounds "9"]
[EventCountry "GER"]
[SourceTitle "EXT 2021"]
[Source "ChessBase"]
[SourceDate "2020.10.23"]
[SourceVersion "1"]
[SourceVersionDate "2020.10.23"]
[SourceQuality "1"]

1. b4 e5 2. b5 Nf6 3. Bb2 d6 4. e3 Be7 5. Nf3 Bf5 6. c4 0-0 7. Be2 c6 8. a4 Qc7 9. 0-0 Nbd7 10. Nc3 e4 11. Nd4 Bg6 12. d3 d5 13. cxd5 cxd5 14. Rc1 exd3 15. Bxd3 Bxd3 16. Qxd3 Ne5 17. Qd1 Qb6 18. Nf5 Bb4 19. Nxd5 Nxd5 20. Qxd5 Ng6 21. Nxg7 Rad8 22. Qf3 Rd2 23. Bd4 Qa5 24. Nh5 1-0

[Event "GER Cup Net V3 U2000"]
[Site "Playchess.com INT"]
[Date "2020.05.27"]
[Round "2"]
[White "Vieten, Mario"]
[Black "Sundui, Chinguun"]
[Result "1-0"]
[WhiteElo "1550"]
[BlackElo "1674"]
[PlyCount "67"]
[EventDate "2020.05.27"]
[EventType "swiss (blitz)"]
[EventRounds "9"]
[EventCountry "GER"]
[SourceTitle "EXT 2021"]
[Source "ChessBase"]
[SourceDate "2020.10.23"]
[SourceVersion "1"]
[SourceVersionDate "2020.10.23"]
[SourceQuality "1"]

1. Nc3 Nf6 2. e4 e5 3. f4 d6 4. Nf3 Nc6 5. Bb5 Bd7 6. 0-0 Be7 7. d4 exd4 8. Nxd4 Nxd4 9. Bxd7+ Qxd7 10. Qxd4 0-0 11. h3 Rfd8 12. Be3 Ne8 13. Rad1 Bf6 14. Qd2 Qc6 15. Bd4 h6 16. Nd5 Bxd4+ 17. Qxd4 Qd7 18. c4 c6 19. Ne3 Nf6 20. Nf5 d5 21. e5 Qxf5 22. exf6 c5 23. Qxc5 Qxf6 24. Rxd5 Qxb2 25. Rfd1 Rxd5 26. Rxd5 Qc1+ 27. Kh2 Qxf4+ 28. Kh1 Re8 29. Rd1 g5 30. Qd5 Re4 31. c5 Qe3 32. Qd8+ Kh7 33. Qd3 Qxc5 34. Qxe4+ 1-0

[Event "GER Cup Net V1 U2000"]
[Site "Playchess.com INT"]
[Date "2020.05.19"]
[Round "9"]
[White "Cordes, Jule Johanne"]
[Black "Vieten, Mario"]
[Result "1-0"]
[WhiteElo "1620"]
[BlackElo "1556"]
[PlyCount "91"]
[EventDate "2020.05.19"]
[EventType "swiss (blitz)"]
[EventRounds "9"]
[EventCountry "GER"]
[SourceTitle "EXT 2021"]
[Source "ChessBase"]
[SourceDate "2020.10.23"]
[SourceVersion "1"]
[SourceVersionDate "2020.10.23"]
[SourceQuality "1"]

1. d4 c5 2. d5 Nf6 3. c4 Ne4 4. Qc2 Qa5+ 5. Nd2 Nd6 6. Ngf3 g6 7. e3 Bg7 8. Bd3 0-0 9. 0-0 Na6 10. Nb3 Qc7 11. a3 Rb8 12. Bd2 e6 13. e4 b5 14. cxb5 Nxb5 15. a4 Nd4 16. Nbxd4 cxd4 17. Qxc7 Nxc7 18. Rfc1 Ne8 19. Rab1 exd5 20. exd5 Bb7 21. Be4 Nf6 22. Bd3 Bxd5 23. Nxd4 Ne4 24. Nf3 Nxd2 25. Nxd2 Rxb2 26. Rxb2 Bxb2 27. Rc7 Bc6 28. Rxa7 Bd4 29. h3 f5 30. Rc7 Rb8 31. Bc4+ Kg7 32. Nb3 Be5 33. Ra7 Rb4 34. Ra5 Rxc4 35. Rxe5 Kf6 36. Ra5 d5 37. Ra7 Ke5 38. a5 Rb4 39. Nd2 Rb2 40. Nf3+ Ke4 41. a6 Ra2 42. Re7+ Kd3 43. a7 d4 44. Ne5+ Kd2 45. Nxc6 d3 46. Re8 1-0

[Event "GER-ch Net Amateur Gr-B Vor2"]
[Site "Playchess.com INT"]
[Date "2020.04.15"]
[Round "4"]
[White "Schaper, Jan Erik"]
[Black "Vieten, Mario"]
[Result "1-0"]
[WhiteElo "1704"]
[BlackElo "1594"]
[PlyCount "57"]
[EventDate "2020.04.15"]
[EventType "swiss (blitz)"]
[EventRounds "9"]
[EventCountry "GER"]
[SourceTitle "CBM 196 Extra"]
[Source "ChessBase"]
[SourceDate "2020.07.31"]
[SourceVersion "1"]
[SourceVersionDate "2020.07.31"]
[SourceQuality "1"]

1. d4 c5 2. e3 cxd4 3. exd4 d5 4. b3 Nc6 5. Bb2 Nf6 6. a3 Bf5 7. Bd3 Qd7 8. Nf3 e6 9. 0-0 Bd6 10. Nbd2 Bxd3 11. cxd3 0-0 12. Ne5 Qc7 13. f4 Nd7 14. Qg4 Nf6 15. Qg5 h6 16. Qh4 Qb6 17. Qf2 Ne7 18. b4 Rac8 19. Nb3 Rc7 20. Nc5 Nf5 21. h3 Qb5 22. Rad1 b6 23. Nb3 Rfc8 24. Rd2 a5 25. g4 Ne7 26. g5 Nd7 27. gxh6 Nxe5 28. fxe5 a4 29. Qxf7+ 1-0

[Event "Leipzig VfB op 12th"]
[Site "Leipzig"]
[Date "2005.03.05"]
[Round "7"]
[White "Fuchs, Maria"]
[Black "Vieten, Mario"]
[Result "1/2-1/2"]
[WhiteElo "1512"]
[BlackElo "1852"]
[PlyCount "27"]
[EventDate "2005.01.03"]
[EventType "swiss"]
[EventRounds "9"]
[EventCountry "GER"]
[SourceTitle "EXT 2008"]
[Source "ChessBase"]
[SourceDate "2007.11.25"]
[SourceVersion "1"]
[SourceVersionDate "2007.11.25"]
[SourceQuality "1"]

1. d4 c5 2. e4 cxd4 3. Qxd4 Nc6 4. Qd1 Nf6 5. Nc3 e6 6. Bg5 Qb6 7. Bxf6 gxf6 8. Rb1 Bc5 9. Nh3 h5 10. Bd3 Ne5 11. a3 Be7 12. Qe2 a6 13. Nf4 h4 14. Rf1 1/2-1/2

[Event "Leipzig VfB op 12th"]
[Site "Leipzig"]
[Date "2005.03.02"]
[Round "2"]
[White "Vieten, Mario"]
[Black "Dietel, Franz"]
[Result "1-0"]
[WhiteElo "1852"]
[BlackElo "1492"]
[PlyCount "38"]
[EventDate "2005.01.03"]
[EventType "swiss"]
[EventRounds "9"]
[EventCountry "GER"]
[SourceTitle "EXT 2008"]
[Source "ChessBase"]
[SourceDate "2007.11.25"]
[SourceVersion "1"]
[SourceVersionDate "2007.11.25"]
[SourceQuality "1"]

1. Nc3 d5 2. e4 d4 3. Nce2 e5 4. Ng3 Bd7 5. Bc4 Nf6 6. Nf3 Nc6 7. Ng5 Be6 8. Bxe6 fxe6 9. Nxe6 Qe7 10. Nxf8 Rxf8 11. d3 0-0-0 12. 0-0 Qf7 13. f4 h5 14. fxe5 Nxe5 15. Bg5 Rde8 16. Bxf6 gxf6 17. Qxh5 Qg7 18. Nf5 Qg8 19. Rf4 Re7 1-0

[Event "Leipzig VfB op 11th"]
[Site "Leipzig"]
[Date "2004.03.21"]
[Round "9"]
[White "Wiedemann, Joachim"]
[Black "Vieten, Mario"]
[Result "1/2-1/2"]
[WhiteElo "1527"]
[BlackElo "1721"]
[PlyCount "101"]
[EventDate "2004.03.16"]
[EventType "swiss"]
[EventRounds "9"]
[EventCountry "GER"]
[SourceTitle "EXT 2007"]
[Source "ChessBase"]
[SourceDate "2006.11.23"]
[SourceVersion "1"]
[SourceVersionDate "2006.11.23"]
[SourceQuality "1"]

1. e4 e5 2. Nf3 Nc6 3. Bc4 Nf6 4. d3 Be7 5. 0-0 0-0 6. Nc3 d6 7. Bg5 Bg4 8. h3 Bh5 9. Be3 Na5 10. Bb3 Nxb3 11. axb3 a6 12. Bg5 c6 13. Bxf6 Bxf6 14. g4 Bg6 15. Ne2 d5 16. Ng3 h6 17. Kg2 Qd7 18. Nh2 dxe4 19. dxe4 Qxd1 20. Raxd1 Rfd8 21. Rfe1 Rxd1 22. Rxd1 Rd8 23. Rxd8+ Bxd8 24. f3 Bg5 25. Ne2 Kf8 26. Kg3 Bd8 27. Nf1 f6 28. Ne3 Bh7 29. Kg2 g6 30. Ng3 Bg8 31. Kf2 Bb6 32. Ke2 Bd4 33. Nd1 Ke7 34. Kd3 Kd6 35. Ne2 Ba7 36. Ne3 b5 37. Ng3 Bxe3 38. Kxe3 c5 39. Ne2 c4 40. bxc4 Bxc4 41. Nc3 b4 42. Nd1 Kc5 43. b3 Bb5 44. Nb2 a5 45. h4 h5 46. Nd3+ Kd6 47. Kd2 Bxd3 48. Kxd3 Kc5 49. Ke3 Kb5 50. gxh5 gxh5 51. Kd3 1/2-1/2

[Event "Leipzig VfB op 11th"]
[Site "Leipzig"]
[Date "2004.03.20"]
[Round "7"]
[White "Fuchs, Maria"]
[Black "Vieten, Mario"]
[Result "0-1"]
[WhiteElo "1438"]
[BlackElo "1721"]
[PlyCount "59"]
[EventDate "2004.03.16"]
[EventType "swiss"]
[EventRounds "9"]
[EventCountry "GER"]
[SourceTitle "EXT 2007"]
[Source "ChessBase"]
[SourceDate "2006.11.23"]
[SourceVersion "1"]
[SourceVersionDate "2006.11.23"]
[SourceQuality "1"]

1. e4 e5 2. Nf3 Nc6 3. Bc4 Nf6 4. Nc3 Bc5 5. 0-0 0-0 6. d3 h6 7. h3 d6 8. Kh1 Qe7 9. Nd5 Nxd5 10. Bxd5 Nd8 11. Nh2 c6 12. Bb3 Be6 13. f4 Bxb3 14. axb3 Ne6 15. f5 Ng5 16. f6 gxf6 17. Qh5 Kg7 18. Ng4 Rh8 19. Rxf6 d5 20. Bxg5 hxg5 21. Qxg5+ Kf8 22. Nxe5 Ke8 23. Raf1 Rf8 24. Nxf7 Kd7 25. Ne5+ Kc7 26. Rf7 Rxf7 27. Rxf7 Qxf7 28. Nxf7 Rf8 29. Qg7 dxe4 30. Nd6+ 0-1

[Event "Leipzig VfB op 11th"]
[Site "Leipzig"]
[Date "2004.03.20"]
[Round "8"]
[White "Vieten, Mario"]
[Black "Hofmann, Helge"]
[Result "0-1"]
[WhiteElo "1721"]
[BlackElo "1583"]
[PlyCount "106"]
[EventDate "2004.03.16"]
[EventType "swiss"]
[EventRounds "9"]
[EventCountry "GER"]
[SourceTitle "EXT 2007"]
[Source "ChessBase"]
[SourceDate "2006.11.23"]
[SourceVersion "1"]
[SourceVersionDate "2006.11.23"]
[SourceQuality "1"]

1. e4 e5 2. f4 d5 3. exd5 e4 4. Qe2 Qe7 5. Nc3 Nf6 6. d3 Bf5 7. dxe4 Nxe4 8. Nxe4 Bxe4 9. Be3 Bxd5 10. 0-0-0 Bc6 11. Nf3 Na6 12. Nd4 Nb4 13. Nxc6 Nxc6 14. g4 Qe6 15. Kb1 Bd6 16. f5 Qe7 17. Bg2 0-0 18. Bxc6 bxc6 19. Qf3 Rfe8 20. Rhe1 Bxh2 21. Bf2 Qf6 22. Rxe8+ Rxe8 23. Bxa7 h6 24. c3 Bd6 25. Bd4 Qh4 26. Bf2 Qg5 27. Qxc6 Re2 28. Qa8+ Kh7 29. Qf3 Re8 30. Re1 Rb8 31. Be3 Qf6 32. Bd4 Qg5 33. Qe4 Qd2 34. f6+ g6 35. c4 Bc5 36. Be5 Re8 37. Qe2 Qd8 38. Kc2 Bd6 39. b4 Rxe5 40. Qd1 Rxe1 41. Qxe1 Qxf6 42. c5 Be5 43. b5 Bd4 44. c6 Qf2+ 45. Qxf2 Bxf2 46. a4 Bb6 47. Kb3 Ba5 48. Kc4 f5 49. gxf5 gxf5 50. b6 Bxb6 51. Kb5 f4 52. a5 Be3 53. Ka6 Bd2 0-1

[Event "Leipzig VfB op 10th"]
[Site "Leipzig"]
[Date "2003.03.15"]
[Round "8"]
[White "Mikolajewski, Armin"]
[Black "Vieten, Mario"]
[Result "0-1"]
[WhiteElo "1820"]
[BlackElo "1606"]
[PlyCount "77"]
[EventDate "2003.03.11"]
[EventType "swiss"]
[EventRounds "9"]
[EventCountry "GER"]
[SourceTitle "EXT 2008"]
[Source "ChessBase"]
[SourceDate "2007.11.25"]
[SourceVersion "1"]
[SourceVersionDate "2007.11.25"]
[SourceQuality "1"]

1. d4 c5 2. d5 f5 3. Nc3 Nf6 4. Bg5 Qb6 5. Rb1 h6 6. Bd2 g6 7. Nf3 d6 8. e3 Bg7 9. Bd3 e5 10. e4 f4 11. Na4 Qc7 12. c4 g5 13. h3 g4 14. hxg4 Bxg4 15. Nc3 a6 16. Be2 Bxf3 17. Bxf3 Qf7 18. Qb3 0-0 19. Qb6 Qe7 20. Ke2 Nbd7 21. Qxb7 Rfb8 22. Qc6 Nb6 23. b4 cxb4 24. Rxb4 Nfd7 25. c5 dxc5 26. Rbb1 Kf8 27. Rh5 Nc4 28. Bg4 Nf6 29. Rf5 Kg8 30. Rxf6 Qxf6 31. Rxb8+ Rxb8 32. Be6+ Kh8 33. Qxa6 Nxd2 34. Kxd2 f3 35. g3 Rb2+ 36. Ke1 h5 37. Qa3 Rb8 38. Qa7 Rb2 39. Qa3 0-1

[Event "Leipzig VfB op 10th"]
[Site "Leipzig"]
[Date "2003.03.13"]
[Round "5"]
[White "Boehme, Sebastian"]
[Black "Vieten, Mario"]
[Result "1/2-1/2"]
[WhiteElo "1365"]
[BlackElo "1606"]
[PlyCount "114"]
[EventDate "2003.03.11"]
[EventType "swiss"]
[EventRounds "9"]
[EventCountry "GER"]
[SourceTitle "EXT 2008"]
[Source "ChessBase"]
[SourceDate "2007.11.25"]
[SourceVersion "1"]
[SourceVersionDate "2007.11.25"]
[SourceQuality "1"]

1. e4 d6 2. d4 Nf6 3. Nc3 e5 4. dxe5 dxe5 5. Qxd8+ Kxd8 6. Nf3 Bd6 7. Bc4 Ke8 8. Ng5 Rf8 9. h3 h6 10. Nf3 Nc6 11. Be3 a6 12. 0-0-0 b5 13. Bd3 Be6 14. Rhe1 Nd8 15. a3 Nb7 16. Nd5 Bxd5 17. exd5 e4 18. Bd4 Kd7 19. Bxe4 Nxe4 20. Rxe4 f6 21. Nh4 Rfe8 22. Rde1 Rxe4 23. Rxe4 Re8 24. Rxe8 Kxe8 25. Nf5 Bf4+ 26. Be3 Bxe3+ 27. Nxe3 Nd6 28. f3 f5 29. g3 Ke7 30. Kd2 Kf6 31. Kd3 g5 32. Kd4 h5 33. g4 f4 34. Nf1 hxg4 35. hxg4 Nc4 36. Kc3 Ke5 37. Nd2 Nd6 38. b3 Kxd5 39. Kd3 c5 40. c4+ bxc4+ 41. Nxc4 Nb5 42. Nb6+ Kc6 43. Nc4 Kd5 44. Nb6+ Ke6 45. Nc4 Nd4 46. Nd2 Kd5 47. Kc3 Nb5+ 48. Kd3 Nxa3 49. Ne4 c4+ 50. bxc4+ Nxc4 51. Nxg5 Ne5+ 52. Kc3 a5 53. Kb3 Kd4 54. Ka4 Ke3 55. Kxa5 Nxf3 56. Nh3 Ne5 57. Nxf4 Nxg4 1/2-1/2

[Event "Leipzig VfB op 09th"]
[Site "Leipzig"]
[Date "2002.03.07"]
[Round "4"]
[White "Hartmann, Falk"]
[Black "Vieten, Mario"]
[Result "1/2-1/2"]
[WhiteElo "1901"]
[BlackElo "1610"]
[PlyCount "77"]
[EventDate "2002.03.05"]
[EventType "swiss"]
[EventRounds "9"]
[EventCountry "GER"]
[SourceTitle "EXT 2007"]
[Source "ChessBase"]
[SourceDate "2006.11.23"]
[SourceVersion "1"]
[SourceVersionDate "2006.11.23"]
[SourceQuality "1"]

1. d4 d5 2. Nf3 Nc6 3. c4 Bg4 4. e3 Nf6 5. Nc3 e6 6. a3 g6 7. Be2 Bg7 8. h3 Bxf3 9. Bxf3 Ne7 10. 0-0 0-0 11. b4 c6 12. a4 a6 13. Ba3 Re8 14. b5 a5 15. Rb1 Qc7 16. b6 Qb8 17. c5 e5 18. Qd2 e4 19. Bd1 Nf5 20. Bb2 Qc8 21. Ne2 Nh4 22. Ng3 g5 23. Nh5 Nxh5 24. Bxh5 Rf8 25. f4 exf3 26. Bxf3 Qe6 27. Rbe1 Nxf3+ 28. Rxf3 f5 29. Ref1 g4 30. hxg4 fxg4 31. Rxf8+ Rxf8 32. Rxf8+ Bxf8 33. Qf2 Bh6 34. Bc1 Qe4 35. Qe2 Bg5 36. Bd2 Qb1+ 37. Kf2 Qf5+ 38. Kg1 Qb1+ 39. Kf2 1/2-1/2

[Event "Leipzig VfB op 09th"]
[Site "Leipzig"]
[Date "2002.03.06"]
[Round "2"]
[White "Siegel, Rainer"]
[Black "Vieten, Mario"]
[Result "0-1"]
[WhiteElo "1350"]
[BlackElo "1610"]
[PlyCount "46"]
[EventDate "2002.03.05"]
[EventType "swiss"]
[EventRounds "9"]
[EventCountry "GER"]
[SourceTitle "EXT 2007"]
[Source "ChessBase"]
[SourceDate "2006.11.23"]
[SourceVersion "1"]
[SourceVersionDate "2006.11.23"]
[SourceQuality "1"]

1. e4 e6 2. c4 c5 3. b4 cxb4 4. d4 d5 5. exd5 exd5 6. Nf3 Bg4 7. Qb3 Nf6 8. cxd5 Bd6 9. Bb5+ Nbd7 10. 0-0 0-0 11. Re1 Qb6 12. Bxd7 Bxf3 13. Qxf3 Nxd7 14. Be3 Rac8 15. Nd2 Nf6 16. Ne4 Nxe4 17. Qxe4 Rfe8 18. Qg4 a5 19. Rac1 Rxc1 20. Rxc1 Qd8 21. Bh6 Bf8 22. g3 Qxd5 23. Rc5 Re1# 0-1

[Event "Leipzig VfB op 09th"]
[Site "Leipzig"]
[Date "2002.03.05"]
[Round "1"]
[White "Vieten, Mario"]
[Black "Just, Wolfgang"]
[Result "0-1"]
[WhiteElo "1610"]
[BlackElo "2165"]
[PlyCount "82"]
[EventDate "2002.03.05"]
[EventType "swiss"]
[EventRounds "9"]
[EventCountry "GER"]
[SourceTitle "EXT 2007"]
[Source "ChessBase"]
[SourceDate "2006.11.23"]
[SourceVersion "1"]
[SourceVersionDate "2006.11.23"]
[SourceQuality "1"]

1. Nc3 e5 2. Nf3 Nc6 3. d4 exd4 4. Nxd4 Bc5 5. Nb3 Bb4 6. e4 Nf6 7. Bd3 d6 8. Bg5 h6 9. Bh4 g5 10. Bg3 Qe7 11. Qe2 Be6 12. 0-0-0 Bxc3 13. bxc3 d5 14. e5 Qa3+ 15. Kd2 Nd7 16. f4 gxf4 17. Bxf4 0-0-0 18. Ke1 Rde8 19. Kf2 Rhg8 20. h3 f6 21. exf6 Bg4 22. Qxg4 Rxg4 23. hxg4 Nxf6 24. Bf5+ Kb8 25. Rxh6 Qe7 26. Rdh1 Qe2+ 27. Kg3 Ne4+ 28. Bxe4 Qxe4 29. Nc5 Qxc2 30. Ne6 Qxc3+ 31. Kh4 Rg8 32. Nxc7 Kc8 33. Nxd5 Qg7 34. Ne3 Ne7 35. Rc1+ Kd8 36. Rd6+ Ke8 37. Rcd1 Nf5+ 38. gxf5 Rh8+ 39. Rh6 Rxh6+ 40. Bxh6 Qxh6+ 41. Kg4 Qxe3 0-1